[Event "84th ESP-ch 2019"]
[Site "Marbella"]
[Date "2019.11.18"]
[Round "3.19"]
[White "Hernandez Roldan, Miguel"]
[Black "Bernabeu Lopez, Carlos Javier"]
[Result "0-1"]
[WhiteElo "2229"]
[BlackElo "2366"]
[Annotator "TA"]
[PlyCount "116"]
[EventDate "2019.11.16"]
[EventType "swiss"]
[EventCountry "ESP"]
[SourceTitle "playchess.com"]
[Source "ChessBase"]
[SourceQuality "1"]

{[%evp 12,134,32,29,49,-77,-83,-80,-73,-151,-155,-140,-155,-131,-113,-147,-147,-165,-142,-143,-142,-145,-144,-144,-136,-145,-112,-114,-118,-113,-106,-134,-127,-131,-122,-180,-102,-92,-92,-102,-92,-93,-93,-112,-108,-116,-102,-108,-115,-117,-102,-110,-110,-102,-102,-102,-87,-113,-89,-95,-83,-102,-103,-147,-147,-127,-140,-170,-169,-170,-169,-162,-169,-169,-162,-162,-162,-197,-195,-228,-106,-107,-28,-8,-77,-251,-241,-240,-240,-444,-458,-630,-614,-640,-527,-359,-100,-100,0,0,0,-1302,-1285,-1034,-897,-587,-385,-377,-377,-352,-337,-280,-269,-1139,-965,-12845,-10807,-29970,-29972,-29972,-29973,-29974,-29971,-29977,-29978]} 1. e4 e5 2. Nc3 Nf6 3. Bc4 Nc6 4. d3 Bc5 5. f4 d6 6. Nf3 Bg4 7. Na4 Bxf3 {C30: King's Gambit Declined} 8. gxf3 (8. Qxf3 $14 {was the only good move.} Nd4 9. Qd1) (8. Qxf3 Nd4 9. Qd1 b5 10. fxe5 bxc4 11. exf6 Qxf6 12. Nxc5 dxc5 13. c3 Nc6 14. dxc4 Ne5 15. Be3 O-O 16. Qe2 Rad8 {0-1 (25) Ponomariov,R (2712)-Tomashevsky,E (2728) Huaian 2016}) 8... Nh5 $1 $17 9. Nxc5 {Nb3 is the strong threat.} Qh4+ {Black is better.} 10. Kf1 $146 (10. Kd2 $142 dxc5 11. Bb5) ({Predecessor:} 10. Ke2 Nd4+ 11. Kd2 dxc5 12. a4 Nxf4 13. Qf1 Rd8 14. c3 Nc6 15. a5 Nxd3 {0-1 (41) Ruszin,T (2077)-Meszaros,T (2314) Zalakaros 2004}) 10... dxc5 11. Kg2 Nxf4+ ({Much less strong is} 11... exf4 12. Qg1 $15) 12. Bxf4 Qxf4 13. Bb5 Qf6 14. Qg1 a6 15. Bxc6+ Qxc6 16. Qe3 O-O-O 17. b3 Rd6 18. Rhg1 Rg6+ 19. Kh1 Qd6 20. Raf1 Qd4 21. Qd2 Rd8 22. Rxg6 hxg6 {[%mdl 4096] Endgame KQR-KQR} 23. Qg5 (23. Qg2 $17) 23... Qd6 (23... Qb2 $19 24. Qc1 Qxa2) 24. f4 exf4 25. Qxf4 Qxf4 (25... Rd7 {keeps more tension.} 26. Qh4 Qf8 27. Qg5 Qe7 28. h4 b6) 26. Rxf4 {KR-KR} Rf8 27. Rg4 Rh8 28. Kg2 Kd7 29. Kg3 Ke6 30. h4 Rh5 31. Kf4 Kf6 32. c3 Ke6 33. Kf3 b5 34. Ke3 Kd6 35. Rf4 f5 36. a3 a5 37. a4 b4 38. cxb4 cxb4 39. exf5 gxf5 40. Rd4+ Kc5 41. Rc4+ Kb6 $1 42. Rf4 g6 43. Kd4 Rh8 44. Ke5 Rd8 $1 45. Rf3 Rd6 (45... Kc6 $19 {has better winning chances.} 46. Rh3 Rd5+ 47. Kf6 Rd6+ 48. Ke5 Kd7) 46. d4 Rd8 (46... Kc6 $17 47. Rg3 Kd7) 47. Rg3 $11 c6 {Strongly threatening ...Rd5+.} 48. Rd3 $2 {[#]} (48. Rxg6 $17 {was the only defense.} Rd5+ 49. Kf6) 48... Kc7 $1 $19 49. Kf6 Rd6+ 50. Kg5 $2 (50. Ke7) 50... Re6 51. h5 gxh5 52. Kxh5 Re1 53. Kg5 Rf1 $2 (53... Kd6 $19 {is more deadly. Hoping for ...Rf1.} 54. Kxf5 Kd5) 54. d5 $17 {[#]} Kd6 (54... Rc1 $1 $17 {[%cal Rc1c3] Threatens to win with ...Rc3.} 55. dxc6 Rc5 56. Rd7+ Kxc6) 55. dxc6+ $11 Kxc6 56. Rd8 $2 {[%mdl 8192]} (56. Kf6 $11) 56... Rf3 $19 57. Ra8 Kb6 58. Rb8+ {[#]} Kc5 {Played: Kb6-a7} 0-1

[Event "84th ESP-ch 2019"]
[Site "Marbella"]
[Date "2019.11.18"]
[Round "3.20"]
[White "Garcia Ramos, Daniel"]
[Black "Diaz Mino, Pablo"]
[Result "1-0"]
[WhiteElo "2350"]
[BlackElo "2135"]
[Annotator "TA"]
[PlyCount "79"]
[EventDate "2019.11.16"]
[EventType "swiss"]
[EventCountry "ESP"]
[SourceTitle "playchess.com"]
[Source "ChessBase"]
[SourceQuality "1"]

{[%evp 12,79,54,31,60,-4,41,-8,-17,-18,-20,-38,-35,-39,-36,-38,-39,-45,-38,-58,-31,-24,0,0,0,0,25,27,18,0,0,0,0,0,8,7,24,0,34,23,120,89,130,66,66,35,21,8,25,25,198,184,256,267,258,253,218,193,480,249,356,375,395,395,2429,2343,5414,5397,2057,1909]} 1. e4 e5 2. Nf3 Nc6 3. Bb5 f5 4. d3 fxe4 5. dxe4 Nf6 6. O-O Bc5 7. Qe2 d6 {C63: Ruy Lopez: Schliemann/Jaenisch Defence} 8. a4 (8. Qc4 $14) (8. Qc4 Qe7 9. Nc3 Bd7 10. Bg5 a6 11. Bxc6 bxc6 12. Be3 Bxe3 13. fxe3 Qf7 14. Nd2 O-O 15. Qxf7+ Kxf7 {½-½ (77) Carlsen,M (2693)-Radjabov,T (2747) Porto Vecchio 2007}) 8... a5 9. Nc3 $146 ({Predecessor:} 9. Bc4 Nd4 10. Nxd4 Bxd4 11. Nd2 Qe7 12. Nf3 Bg4 13. Qd3 Bb6 14. h3 Be6 15. Be3 Bxe3 16. fxe3 {½-½ (50) Zapata,A (2484)-Sachdev,T (2417) Philadelphia 2012}) 9... O-O {The position is equal.} 10. Be3 Bxe3 11. fxe3 Nb4 12. Rad1 Qe7 13. Bc4+ Kh8 14. h3 Bd7 15. b3 Qe8 16. Nh4 Qh5 17. Rxf6 Qxh4 18. Rf3 Rf6 19. Rxf6 gxf6 20. Qf3 Rf8 21. Nd5 Nxd5 22. Bxd5 Bc8 23. Rf1 Qg5 24. Kh2 Kg7 25. Qe2 h5 (25... c6 $11 26. Rf3 (26. Bc4 f5 $14) 26... Kh8) 26. Qe1 b6 27. Rf3 ({Better is} 27. Qc3 $16 c5 28. Rf3) 27... Kh8 $14 28. Qf2 Bd7 29. Bc4 Kh7 30. Kg1 f5 $2 (30... Qh6 $11) 31. exf5 $18 e4 (31... h4 {was worth a try.}) 32. h4 Qf6 33. Rf4 c6 34. Be2 Kh6 $2 {[#]} (34... Qe5 35. Bxh5 Rxf5) 35. Rxe4 (35. Bxh5 $142 $1 {[%mdl 512] And now g4 would win.} Qa1+ (35... Kxh5 36. g4+) 36. Kh2) 35... d5 (35... Qa1+ $142 36. Kh2 Rxf5) 36. Qf4+ Kh7 37. Re5 Bxf5 $2 {[#]} (37... Be8 38. e4 Bf7 39. exd5 cxd5) 38. Rxf5 $1 {[%mdl 512] White is clearly winning.} Qxf5 39. Bd3 Qxd3 40. Qc7+ {[%mdl 64] Double Attack. Accuracy: White = 64%, Black = 33%.} ({Weaker is} 40. cxd3 Rxf4 41. exf4 Kg6 $14) 1-0

[Event "84th ESP-ch 2019"]
[Site "Marbella"]
[Date "2019.11.18"]
[Round "3.21"]
[White "De La Cruz Revilla, Miguel"]
[Black "Alvarez Fernandez, Enrique"]
[Result "0-1"]
[WhiteElo "2138"]
[BlackElo "2349"]
[Annotator "TA"]
[PlyCount "80"]
[EventDate "2019.11.16"]
[EventType "swiss"]
[EventCountry "ESP"]
[SourceTitle "playchess.com"]
[Source "ChessBase"]
[SourceQuality "1"]

{[%evp 9,80,-12,-12,-12,-18,-51,-44,-65,-66,-68,-66,-66,-69,-57,-66,-74,-77,-77,-70,-71,-70,-99,-71,-109,-100,-100,-108,-137,-137,-137,-137,-173,-195,-142,-134,-200,-191,-209,-183,-203,-203,-170,-187,-125,-125,-125,-125,-183,-63,-183,-170,-256,-255,-248,-229,-206,-208,-209,-208,-233,-231,-218,-225,-208,-179,-179,-171,-324,-273,-1083,-1041,-912,-827]} 1. e4 c5 2. Nf3 e6 3. c4 Nc6 4. Nc3 Nd4 5. Nxd4 cxd4 6. Ne2 {B40: Sicilian: 2...e6, Unusual lines} e5 7. g3 h5 8. h3 {Black is slightly better.} h4 9. g4 g5 10. Bg2 $146 ({Predecessor:} 10. d3 Bb4+ 11. Bd2 Qa5 12. a3 Bxd2+ 13. Qxd2 Qxd2+ 14. Kxd2 {½-½ (61) Koziak,V (2441)-Gritsak,O (2524) Chotowa 2007}) 10... Ne7 11. d3 Ng6 12. O-O Be7 13. Bd2 a5 14. Qa4 Ra6 15. f3 Qb6 (15... Qc7 {seems wilder.} 16. Qc2 O-O 17. a3 d6 18. b4 b5) 16. Qb5 Qxb5 17. cxb5 Ra8 18. Rfc1 b6 19. Rc2 f6 20. Be1 Bc5 21. Nc1 (21. a4 $19) 21... a4 22. b3 (22. b4 $17 Bd6 23. Ne2) 22... Nf4 $19 23. Bf1 Ne6 24. Rc4 axb3 25. Nxb3 d6 26. a4 Bd7 27. Rcc1 Ke7 28. Rcb1 {[#]} (28. Bd2 $17) 28... Rhb8 ({Black should try} 28... Ra7 $1 $19 29. Be2 Rha8 30. Nxc5 Nxc5) 29. Rb2 ({Better is} 29. Bd2 $15) 29... Rb7 30. a5 (30. Be2 $142) 30... bxa5 (30... Bxb5 31. Nxc5 bxc5 {[#]} 32. a6 $1 $11 {[%mdl 512]}) 31. Nxa5 Rxb5 32. Rxb5 Bxb5 33. Rb1 Bd7 34. Rb7 Nd8 35. Rb2 Ra6 36. Be2 Rb6 37. Rxb6 Bxb6 38. Nb3 $2 (38. Nc4 Ba7 39. Bd1) 38... Ba4 39. Ba5 $2 (39. Bd1) 39... Bxb3 40. Bxb6 Nc6 {Accuracy: White = 30%, Black = 77%.} 0-1

[Event "84th ESP-ch 2019"]
[Site "Marbella"]
[Date "2019.11.18"]
[Round "3.22"]
[White "Calzetta Ruiz, Monica"]
[Black "Luque Saiz, Andres"]
[Result "1-0"]
[WhiteElo "2251"]
[BlackElo "2140"]
[Annotator "TA"]
[PlyCount "57"]
[EventDate "2019.11.16"]
[EventType "swiss"]
[EventCountry "ESP"]
[SourceTitle "playchess.com"]
[Source "ChessBase"]
[SourceQuality "1"]

{[%evp 9,56,20,17,14,23,8,30,15,30,-10,0,0,0,0,0,0,0,0,7,-16,216,81,76,78,80,77,79,83,75,75,75,78,83,81,88,68,160,164,2095,2014,29987,29988,29987,29988,29993,29994,29998,29999,29999]} 1. e4 c6 2. d4 d5 3. e5 c5 4. dxc5 e6 5. a3 (5. Bd3 Bxc5 6. Qg4 Ne7 7. b4 h5 8. Qf4 Bb6 9. Nf3 Nbc6 10. Nbd2 a5 11. b5 Nb4 12. Ba3 Nxd3+ 13. cxd3 {1-0 (25) Dominguez Perez,L (2760)-Nepomniachtchi,I (2775) Dortmund 2019}) 5... Bxc5 6. Qg4 {B12: Caro-Kann: Advance Variation} Ne7 7. Nf3 {And now b4 would win.} Ng6 $146 ({Predecessor:} 7... Nbc6 8. Bd3 Qc7 9. Qg3 {1-0 (30) Chandra,A (2528)-Tomov,G (2320) Riga 2019}) 8. Bd3 {White has an edge.} Nc6 9. Qg3 Qc7 {[%cal Rc6e5]} 10. b4 Bd4 11. Nxd4 Nxd4 12. O-O Qxe5 13. Bb2 {Black must now prevent Qxe5.} Nf4 14. Nc3 {Hoping for Rae1.} Nfe2+ $2 (14... O-O $11 {and Black has nothing to worry.}) 15. Nxe2 (15. Bxe2 $1 $18 Nxe2+ 16. Nxe2 Qxb2 17. Nc3 Qxc2 18. Qxg7) 15... Nxe2+ $16 {[%mdl 64] Discovered Attack} 16. Bxe2 Qxb2 17. Bb5+ $1 Bd7 {[#]} 18. Bxd7+ $1 Kxd7 {[#]} 19. c4 $1 {[%mdl 512]} Rhe8 (19... dxc4 20. Rad1+) 20. cxd5 exd5 21. Rad1 Ke7 22. Qh4+ $40 {[%mdl 1152] White has strong compensation. White attacks.} Kd6 (22... Qf6 $14 23. Qxh7 g6) 23. Qc4 ({Don't do} 23. Qf4+ $6 Qe5 $16) 23... Re5 $2 (23... Ke7 24. Qc5+ (24. Qxd5 Kf8 $16) 24... Kf6) 24. f4 $18 Rh5 25. Qc5+ {White mates.} Kd7 26. f5 f6 27. Rfe1 {[%cal Rd1d5]} Rxf5 28. Re7+ {[%mdl 64] Double Attack} Kd8 29. Qc7# {Accuracy: White = 73%, Black = 35%.} 1-0

[Event "84th ESP-ch 2019"]
[Site "Marbella"]
[Date "2019.11.18"]
[Round "3.23"]
[White "Larino Nieto, David"]
[Black "Lopez Guerrero, Jose Miguel"]
[Result "1-0"]
[WhiteElo "2473"]
[BlackElo "2085"]
[Annotator "TA"]
[PlyCount "93"]
[EventDate "2019.11.16"]
[EventType "swiss"]
[EventCountry "ESP"]
[SourceTitle "playchess.com"]
[Source "ChessBase"]
[SourceQuality "1"]

{[%evp 9,93,-20,-2,-59,-23,-19,-9,-10,-13,-13,0,-43,-16,-14,-31,-27,-10,-61,-60,-68,-40,-48,-44,-58,-29,-20,-29,-21,-12,-12,0,0,13,0,0,0,0,-27,18,-25,0,0,0,0,0,-162,-174,-162,-153,-292,-68,-62,8,0,1,21,19,0,0,0,0,-50,112,112,112,112,104,120,138,100,115,54,64,51,45,31,41,33,28,39,29986,29987,29992,29993,29995,29996]} 1. g3 d5 2. Bg2 Nf6 3. c4 c6 4. cxd5 cxd5 5. Nc3 Nc6 6. Qa4 {A16: English Opening: 1...Nf6 with ...d5} ({Better is} 6. d4 $11) (6. d3 e5 7. Bg5 Be6 8. e4 dxe4 9. dxe4 h6 10. Bxf6 Qxf6 11. Nge2 Bc5 12. O-O O-O 13. Nd5 Bxd5 14. exd5 Nd4 {0-1 (30) Schroeter,S (2119)-Olsen,F (2343) Boeblingen 2018}) 6... e6 7. Nf3 Bd6 $146 ({Predecessor:} 7... Bd7 8. O-O a6 9. d4 Be7 10. Qd1 b5 {1-0 (63) Kasperek,K (1819)-Szczepanski,H (1718) Krakow 2011}) 8. O-O {The position is equal.} O-O 9. d3 Bd7 10. Qb3 Na5 11. Qc2 Rc8 12. e4 e5 13. Qb1 (13. exd5 $11 Nxd5 14. Qe2 Nxc3 15. bxc3) 13... d4 $15 14. Nd5 h6 15. b4 Nc6 16. b5 Nb8 17. Nd2 Nxd5 18. exd5 Bf5 19. Ne4 Bg6 20. a4 Re8 21. f4 Bxe4 $1 22. dxe4 Nd7 23. Bd2 Qe7 24. f5 Rc7 25. Bh3 Nf6 26. Ra2 Rec8 27. g4 $2 (27. Re1 $11 {and White is okay.}) 27... Rc3 $1 $19 {[%cal Rc3h3]} 28. Bxc3 Rxc3 29. Kg2 (29. g5 $17 {might work better.} hxg5 30. Bg2) 29... Re3 $2 (29... Qc7 $19 {And now ...Qc4 would win.} 30. Rd2 Qc4) 30. Re1 $15 Bb4 (30... Rxe1 $1 $15 31. Qxe1 Qc7) 31. Rxe3 $11 dxe3 32. Qd3 Bc5 33. d6 Qd8 34. Rc2 Bd4 35. Rc7 {aiming for Qc4!} Qxd6 $2 {[#]} (35... Ne8 $15 36. Rc1 Nxd6) 36. Qc4 $1 $16 {[%cal Rc4f7]} Nd7 37. g5 ({But not} 37. Rxb7 $6 Bb6 $11) 37... hxg5 {White should prevent ...Bc5.} 38. Rc8+ ({Much worse is} 38. Rxb7 $6 Qh6 $11) 38... Nf8 39. Bg4 {[%mdl 1024] Threatens to win with Bh5. White has strong compensation.} Bb6 40. Qd5 (40. Be2 $16) 40... Qb4 $14 41. Bh5 Qb2+ 42. Kh3 {Rxf8+! would kill now.} g4+ $1 43. Bxg4 {Threatening mate with Qd6.} e2 44. Qd6 $1 $40 {[%cal Rd6f8][%mdl 128] White has some attack.} Bc5 $2 {[%mdl 8192]} (44... Qb3+ $2 {[#]} 45. Kg2 $1 $18 {[%mdl 512]}) (44... Qc3+ $14 45. Rxc3 e1=Q) 45. Qxc5 {White mates.} ({Avoid the trap} 45. Rxf8+ $2 Kh7 $19) 45... Qb3+ {[#]} 46. Kg2 $1 e1=N+ {[#]} 47. Kh1 $1 {Accuracy: White = 45%, Black = 43%.} 1-0

[Event "84th ESP-ch 2019"]
[Site "Marbella"]
[Date "2019.11.18"]
[Round "3.24"]
[White "Medina Romero, Jose"]
[Black "Huerga Leache, Mikel"]
[Result "0-1"]
[WhiteElo "2083"]
[BlackElo "2456"]
[Annotator "TA"]
[PlyCount "98"]
[EventDate "2019.11.16"]
[EventType "swiss"]
[EventCountry "ESP"]
[SourceTitle "playchess.com"]
[Source "ChessBase"]
[SourceQuality "1"]

{[%evp 9,98,-34,-25,-24,-23,-35,-27,-31,-29,-43,-47,-49,-42,-101,-102,-116,-115,-135,-135,-128,-145,-145,-137,-135,-141,-147,-140,-137,-137,-160,-156,-164,-154,-154,-147,-170,-147,-147,-147,-147,-82,-147,-127,-124,-82,-83,-83,-84,-23,-48,-48,-48,-48,-34,0,0,0,-10,-10,-17,-17,-25,-22,-20,-30,-168,-177,-1760,-1761,-1672,-1574,-1501,-1155,-820,-233,-29978,-29979,-29979,-29976,-6833,-547,-29978,-29978,-29973,-1257,-1089,-1042,-856,-767,-1774,-1817]} 1. d4 Nf6 2. Bg5 c5 3. d5 g6 4. Bxf6 (4. Nc3 d6 5. e4 Bg7 6. Nf3 h6 7. Bf4 Qa5 8. Nd2 Nh5 9. Be3 Bxc3 10. bxc3 Qxc3 11. Be2 b6 12. Rb1 Ba6 13. Rb3 Bxe2 14. Qxe2 Qxc2 15. O-O Qxa2 16. e5 dxe5 17. Bxc5 bxc5 18. Qb5+ Nd7 19. Nc4 a6 20. Qc6 O-O {0-1 (20) Vavra,P (2350)-Kempinski,R (2577) Czech Republic 2019}) 4... exf6 5. g3 Qb6 6. Qc1 {A45: Trompowsky Attack} f5 7. Bg2 $146 ({Predecessor:} 7. c3 c4 8. Bg2 Bc5 9. Nh3 Qf6 10. Nd2 b5 11. a4 Ba6 12. O-O {1-0 (47) Sargissian,G (2442)-Saez Gabikagogeaskoa,O (2036) Ubeda 2000}) 7... Bg7 8. c3 {Black has an edge.} O-O 9. e3 d6 10. Ne2 Qa6 11. c4 ({Better is} 11. Nf4 $15) 11... Nd7 $17 {[%cal Bb8d7,Bd7e5,Be5c4][%mdl 32]} 12. Nd2 Ne5 13. Qc2 b5 14. O-O Nxc4 15. Nxc4 bxc4 16. Nc3 Rb8 17. Rfc1 Qa5 18. Bf1 Ba6 19. Nd1 Rb4 20. a3 Rb6 21. Ra2 Rfb8 22. Kg2 R8b7 23. h4 h5 24. Be2 Qb5 (24... Rb3 $142 25. Nc3 Rb8) 25. Kf3 (25. Bxc4 $142 Qxc4 26. Qxc4 Bxc4 27. Rxc4) 25... Bf6 26. Bxc4 Qxc4 27. Qxc4 Bxc4 28. Rxc4 Bxb2 (28... a5 $17) 29. Nxb2 Rxb2 30. Rxb2 Rxb2 {[%mdl 4096] Endgame KR-KR} 31. Ra4 Rb7 32. Ra6 Rd7 33. Rc6 Kg7 34. a4 Kf6 {[#] aiming for ...Ke5.} 35. Kf4 $1 Ke7 36. a5 Rb7 37. a6 (37. e4 $11) 37... Rb4+ $19 38. Kf3 $2 (38. Kg5 Kd7 39. Kf6) 38... Kd7 39. Ke2 Rb2+ 40. Ke1 Ra2 41. f3 Rg2 $2 (41... Rb2 42. Kf1 Ra2) 42. e4 $2 {[#]} (42. Kf1 $19 Rxg3 43. Rb6) 42... fxe4 43. fxe4 Rxg3 44. Kf2 Ra3 (44... Rd3 $142 45. Kf1 Re3) 45. Ke2 f6 46. Kf2 g5 (46... Rh3 $142 47. Ke2 Rxh4 48. Kf3 Rh3+ 49. Ke2 Rg3 50. Ke1 h4 51. Kf2 g5 52. Ke2 h3 53. Kf1 h2 54. Kf2 Rg1 55. Rc7+ Kxc7 56. e5 h1=Q 57. exd6+ Kxd6 58. Ke2 Qe4+ 59. Kf2 Rg2+ 60. Kf1 Qe2#) 47. hxg5 {Black is clearly winning.} fxg5 48. e5 dxe5 49. Rh6 h4 {Accuracy: White = 36%, Black = 61%.} 0-1

[Event "84th ESP-ch 2019"]
[Site "Marbella"]
[Date "2019.11.18"]
[Round "3.25"]
[White "Serarols Mabras, Bernat"]
[Black "Aguado Doncel, Pablo Luis"]
[Result "1-0"]
[WhiteElo "2367"]
[BlackElo "2062"]
[Annotator "TA"]
[PlyCount "81"]
[EventDate "2019.11.16"]
[EventType "swiss"]
[EventCountry "ESP"]
[SourceTitle "playchess.com"]
[Source "ChessBase"]
[SourceQuality "1"]

{[%evp 13,81,19,22,16,14,15,11,11,19,17,24,26,24,11,22,25,33,18,90,74,81,83,252,248,255,237,259,237,253,222,237,0,245,248,217,204,178,154,120,10,18,-187,1062,1083,1070,1074,1054,1067,1067,956,1041,1029,999,957,1054,929,875,805,29992,29949,6582,6087,29983,29970,29990,29991,29997,12816,5306,5205]} 1. c4 e6 2. Nc3 d5 3. d4 Nf6 4. cxd5 exd5 5. Bg5 c6 6. e3 Bd6 7. Bd3 O-O 8. Qc2 {D35: Queen's Gambit Declined: Exchange Variation} h6 9. Bh4 Re8 10. Nge2 {The position is equal.} a5 (10... Nbd7 11. g4 Nf8 12. h3 b5 13. Rg1 Ne6 14. f4 Bxf4 15. Bh7+ Kh8 16. exf4 Nxd4 17. Qd3 Nxe2 18. Nxe2 Qa5+ {0-1 (45) Mamedyarov,S (2809)-Kramnik,V (2800) Moscow 2018}) 11. a3 Na6 12. h3 Nc7 13. O-O Ne6 14. f3 Bb8 $146 ({Predecessor:} 14... Ng5 15. e4 Nfxe4 16. fxe4 Nxh3+ 17. gxh3 Qxh4 {0-1 (25) Moiseenko,A (2628)-Korley,K (2437) Helsingor 2019}) 15. Kh1 Ng5 (15... Qc7 $11 {keeps the balance.} 16. Bg3 Qd8) 16. e4 $1 $16 {[%cal Re4e5]} dxe4 17. fxe4 {e5 is the strong threat.} c5 $2 {[#]} (17... Ne6 $16 {keeps fighting.}) 18. e5 $1 $18 {[%cal Re5f6]} (18. dxc5 Qc7 $14) 18... cxd4 19. exf6 dxc3 20. Bxg5 $1 ({Inferior is} 20. Qxc3 Bxh3 21. Nf4 (21. fxg7 $2 Bxg2+ 22. Kg1 Bxf1 $19) 21... Be5 $15) 20... hxg5 21. Bh7+ Kh8 22. fxg7+ Kxg7 {[#] Strongly threatening ...Qc7.} 23. Rxf7+ $3 {[%mdl 512]} Kxf7 24. Qg6+ Ke7 25. Qg7+ {[%mdl 1088] Double Attack. White has strong compensation.} Ke6 {Hoping for ...Be5.} 26. Nd4+ ({White has to play} 26. Nxc3 $16 {White threatens Qg6+ and mate.} Bf4 27. Rd1 Qxd1+ 28. Nxd1) 26... Kd5 27. Rd1 $2 (27. Nb3 $11 cxb2 28. Rd1+ Kc4 29. Qf7+ Be6 30. Qf1+ Kxb3 31. Qb5+ {[%mdl 64] Double Attack} Ka2 32. Bb1+ Ka1 33. Bd3+ Ka2 34. Bb1+ {[%mdl 64] Discovered Attack} Ka1 35. Bd3+ Ka2 36. Bc4+ Bxc4 37. Qxc4+ Kxa3 38. Qc3+ Ka4 39. Qc4+ Ka3 40. Qc3+ Ka4 41. Qc4+ Ka3) 27... Be5 $4 {[%mdl 8192]} (27... Kc5 $19 28. Ne6+ {[%mdl 64] Discovered Attack} Bxe6 29. Qxc3+ Kb5 30. Rxd8 Rxd8) 28. Qf7+ Kc5 29. Nb3+ Kb6 30. Rxd8 Rxd8 31. Qf2+ Ka6 32. Qe2+ {[%mdl 64] Double Attack} Ka7 33. Qxe5 {[%mdl 64] Double Attack} b6 34. Qc7+ Bb7 {[#]} 35. Be4 $1 {[%csl Ge4][%cal Rc7b7]} Rd1+ {[#]} 36. Kh2 $1 {[%csl Ge4][%cal Rc7b7]} Rb8 37. bxc3 Re1 38. Bf3 Rb1 39. Nd4 Rc1 40. Bxb7 (40. Nc6+ $142 Ka6 41. Be2+ b5 42. Qxa5#) 40... Rxb7 41. Qc8 {Accuracy: White = 80%, Black = 25%.} 1-0

[Event "84th ESP-ch 2019"]
[Site "Marbella"]
[Date "2019.11.18"]
[Round "3.26"]
[White "Gomez Dieguez, David"]
[Black "Jimenez Fernandez, Rebeca"]
[Result "1-0"]
[WhiteElo "2336"]
[BlackElo "2043"]
[Annotator "TA"]
[PlyCount "117"]
[EventDate "2019.11.16"]
[EventType "swiss"]
[EventCountry "ESP"]
[SourceTitle "playchess.com"]
[Source "ChessBase"]
[SourceQuality "1"]

{[%evp 16,117,58,66,60,60,67,70,86,41,96,91,126,131,147,138,150,60,68,72,78,22,50,25,66,19,21,0,5,0,18,0,0,0,0,0,0,0,0,0,0,0,0,0,0,0,0,0,0,0,0,0,0,0,0,0,0,0,0,0,0,0,0,0,0,0,0,0,0,0,0,0,0,0,0,0,17,31,93,92,121,117,159,152,150,75,235,221,256,245,336,322,456,425,535,528,520,503,12843,12843,12844,12844,12845,12845]} 1. e4 g6 2. d4 Bg7 3. Nc3 d6 4. f4 Nf6 5. Nf3 O-O 6. e5 dxe5 7. fxe5 Nd5 8. Bc4 c6 9. O-O Na6 {B09: Pirc Defence: Austrian Attack} (9... Bf5 10. Nxd5 cxd5 11. Bd3 Bxd3 12. Qxd3 Nc6 13. c3 Qd7 14. Bf4 b5 15. Rae1 b4 16. Ng5 f6 17. exf6 exf6 18. Ne6 {½-½ (18) Ristic,N (2442)-Indjic,A (2533) Vrbas 2015}) 10. Bb3 Nac7 11. Ne4 a5 $146 {White is slightly better.} ({Predecessor:} 11... Bf5 12. Ng3 Bg4 13. Qd3 a5 14. a4 Ne6 15. Qe4 Bxf3 16. Rxf3 Qb6 17. Ne2 {1-0 (33) Miedema,D (2370)-Radke,R (2082) Schwaebisch Gmuend 2019}) 12. a3 h6 (12... Bf5 $14 13. Ng3 Bg4) 13. c4 $16 Nb6 14. Be3 Bf5 15. Ng3 e6 16. d5 (16. Qd2 $16) 16... Nd7 $14 17. d6 Na6 18. Qd4 (18. Bd4 $16) 18... c5 19. Qd2 $1 Nxe5 20. Nxf5 exf5 21. Nxe5 Bxe5 22. Bxh6 Re8 23. Ba4 Re6 24. d7 Bd4+ 25. Kh1 Nb8 $1 {[%cal Rb8d7]} 26. Bg5 f6 27. Rae1 Rxe1 28. Rxe1 {aiming for Re8+.} Nxd7 29. Bxd7 Qxd7 {[#]} 30. Bxf6 $1 {[%mdl 576] Re7 is the strong threat. Pin} Re8 (30... Bxf6 31. Qxd7) 31. Rxe8+ Qxe8 32. Bxd4 cxd4 33. Qxd4 $11 {[%mdl 4096] Endgame KQ-KQ} Qe1+ 34. Qg1 Qe2 35. Qc1 f4 36. Kg1 f3 37. gxf3 Qxf3 38. Qc2 Qg4+ 39. Kf1 Qf3+ 40. Kg1 Qg4+ 41. Kf2 Qf4+ 42. Ke1 Qe3+ 43. Qe2 Qc1+ 44. Kf2 Qf4+ 45. Kg2 Qg5+ 46. Kf3 Qf5+ ({Black should try} 46... Kh7 $14) 47. Ke3 $16 Qd7 48. Qd2 Qh3+ 49. Kd4 Qf3 50. Qe3 (50. c5 $142) 50... Qf6+ $2 (50... Qg2 $16) 51. Qe5 $18 Qf2+ 52. Kc3 Qf3+ {[#]} 53. Kc2 $1 Qf2+ {[#]} (53... Kh7 {is a better defense.} 54. Qc7+ (54. Qxa5 Qe2+ 55. Kb3 Qxh2 $16) 54... Kh6 55. Qxa5 Qe4+ 56. Kb3 Qd3+ 57. Qc3 Qd1+ 58. Kb4 Qd6+ 59. c5 Qc6 60. Qe3+ Kh7) 54. Kb3 $1 {White is clearly winning.} Qb6+ 55. Ka4 Qa6 56. Qb5 {Strongly threatening Qxa6.} Qd6 (56... Qa8 $142 57. Qxa5 Qe8+ 58. Qb5 Qa8+ 59. Kb4 Kf7) 57. Qd5+ Qxd5 58. cxd5 Kf7 59. Kxa5 {Accuracy: White = 61%, Black = 50%.} 1-0